| 000 | 00699nam a2200217 a 4500 | ||
|---|---|---|---|
| 005 | 20240228063915.0 | ||
| 008 | 080305s2005 mx r 000 0 spa d | ||
| 020 | _a980691533X | ||
| 035 | _aUPN01000154778 | ||
| 049 | _aI | ||
| 050 | 4 |
_aPZ71 _bG6.2 |
|
| 100 | 1 |
_aGonzález, Oswaldo _934160 |
|
| 245 | 1 | 3 |
_aUn buen comienzo / _cOswaldo González ; il. Manuel Sarmiento. |
| 260 |
_aColombia : _bEl Nacional, _c2005. |
||
| 300 |
_a31 p. : _bil. col. |
||
| 440 | 0 |
_aBrújula de papel. _pCiencias de la naturaleza y tecnología ; _v21 |
|
| 650 | 4 |
_aLibros y lectura para niños _92290 |
|
| 650 | 4 |
_aCIENCIAS NATURALES - _xEXPERIMENTOS _99681 |
|
| 700 | 1 |
_aSarmiento, Manuel, _eil. |
|
| 905 | _aInfantil | ||
| 999 |
_c126894 _d126894 |
||